| 000 | 00863cam a22002411 4500 | ||
|---|---|---|---|
| 001 | gs 58000019 | ||
| 003 | DLC | ||
| 005 | 20260227111406.0 | ||
| 008 | 811020s1957 bccb b 001 0 eng c | ||
| 010 | _ags 58000019 | ||
| 035 | _a(OCoLC)7861536 | ||
| 040 |
_aU.S. Geol. Survey Libr. _cMoU _dDLC |
||
| 042 | _apremarc | ||
| 050 | 0 | 0 |
_aTN27 _b.B72 no. 40 |
| 100 | 1 |
_aMathews, William Henry, _d1919- |
|
| 245 | 1 | 0 | _aCalcareous deposits of southwestern British Columbia, by W. H. Mathews and J. W. McCammon. |
| 260 |
_aVictoria, _bD. McDiarmid, printer to the Queen, _c1957. |
||
| 300 |
_a105 p. _bmaps (3 fold. (1 col.) in pocket) diagrs., tables _c27 cm. |
||
| 504 | _aBibliography: p. 16-18. | ||
| 650 | 0 |
_aLimestone _zBritish Columbia. |
|
| 700 | 1 |
_aMcCammon, James Williams, _d1916- |
|
| 810 | 1 |
_aBritish Columbia. _bDepartment of Mines. _cBulletin ; _vno. 40. |
|
| 999 |
_c29201 _d29201 |
||